000 00353 a2200109 4500
001 ART_26006
005 20260410161935.0
008 260409a
245 1 0 _aA cincuenta años del GATT
100 1 _aAlemann, Roberto T.
773 0 _tAnales de la Academia Nacional de Ciencias Económicas
_g- Vol. XLIII, (1998) (ene. 1999)
_wREV25596
999 _c28979
_d28979